Histoire et dirigeants célèbres - Statistiques

Statistiques générales
  • Ce quiz a été pris 88 fois
    8 depuis la dernière actualisation
  • Le résultat moyen est 15 sur 20
Statistiques - réponses
Questions Réponses % Correct
Quel pharaon a tenté d’imposer le culte exclusif d’Aton ? Akhenaton
100%
Quel conquérant macédonien a créé un immense empire allant de la Grèce à l’Inde ? Alexandre le Grand
100%
Quelle chancelière allemande a dirigé l’Allemagne pendant 16 ans au XXIe siècle ? Angela Merkel
100%
Quel guide suprême iranien a mené la révolution islamique de 1979 ? Ayatollah Khomeini
100%
Quel président américain fut le premier afro-américain à occuper la fonction ? Barack Obama
100%
Dictateur italien allié d’Hitler ? Benito Mussolini
100%
Quel souverain dirigeait un immense empire européen au XVIe siècle, incluant l’Espagne, les Pays-Bas et le Saint-Empire romain germanique ? Charles Quint
100%
Dernière reine d’Égypte antique ? Cléopâtre VII
100%
Quel révolutionnaire cubain a pris le pouvoir en 1959 ? Fidel Castro
100%
Dictateur espagnol de 1939 à 1975 ? Francisco Franco
100%
Quel président français a exercé deux mandats de 1981 à 1995 ? François Mitterand
100%
Quel président américain a dirigé les États-Unis pendant la Seconde Guerre mondiale et le New Deal ? Franklin D. Roosevelt
100%
Président cubain renversé par Fidel Castro en 1959 ? Fulgencio Batista
100%
Conquérant mongol du XIIIe siècle ? Gengis Khan
100%
Président français lors du choc pétrolier de 1973 ? Georges Pompidou
100%
Président américain lors de la guerre d’Irak en 2003 ? George W. Bush
100%
Empereur du Japon pendant la Seconde Guerre mondiale ? Hirohito
100%
Leader vietnamien face aux États-Unis ? Hô Chi Minh
100%
Quel président vénézuélien a lancé la « révolution bolivarienne » ? Hugo Chavez
100%
Quel dictateur ougandais s’est autoproclamé « Conquérant de l’Empire britannique » ? Idi Amin Dada
100%
Président français de 1995 à 2007 ? Jacques Chirac
100%
Président américain assassiné à Dallas en 1963 ? John F. Kennedy
100%
Quel dirigeant nord-coréen est actuellement le chef du pays ? Kim Jong-un
100%
Quel roi belge est associé aux atrocités de l’État indépendant du Congo ? Léopold II
100%
Quel roi de France a été surnommé le "Roi Soleil" ? Louis XIV
100%
Dirigeant chinois de la révolution culturelle ? Mao Zedong
100%
Quelle Première ministre britannique était surnommée « la Dame de fer » ? Margaret Thatcher
100%
Dirigeant soviétique lors de la chute du mur de Berlin en 1989 ? Mikhaïl Gorbatchev
100%
Quel roi actuel du Maroc est monté sur le trône en 1999 ? Mohammed VI
100%
Dirigeant libyen renversé en 2011 ? Mouammar Kadhafi
100%
Quel ancien président de la République de Turquie est mort le 10 novembre 1938 ? Mustafa Kemal Atatürk
100%
Quel empereur romain est associé au grand incendie de Rome en 64 ? Néron
100%
Dernier tsar de Russie, abdiquant en 1917 ? Nicolas II
100%
Quel dirigeant vénézuelien a pris pouvoir en 2013 ? Nicolas Maduro
100%
Quel président français a succédé à Jacques Chirac en 2007 ? Nicolas Sarkozy
100%
Quel chef de l’État français a dirigé le régime de Vichy pendant la Seconde Guerre mondiale ? Philippe Pétain
100%
Dirigeant des Khmers rouges au Cambodge ? Pol Pot
100%
Quel pharaon égyptien est célèbre pour la bataille de Qadesh ? Ramses II
100%
Quel jeune pharaon est célèbre pour la découverte intacte de son tombeau en 1922 ? Toutankhamon
100%
Pape qui lança la première croisade en 1096 ? Urbain II
100%
Quel Premier ministre hongrois est au pouvoir depuis 2010 et est connu pour sa ligne politique conservatrice en Europe ? Viktor Orban
100%
Quel président ukrainien, ancien acteur et humoriste, dirige l’Ukraine depuis 2019 ? Volodymyr Zelensky
100%
Premier ministre britannique pendant la Seconde Guerre mondiale ? Winston Churchill
100%
Quel dirigeant yougoslave fut le principal chef communiste de son pays après la Seconde Guerre mondiale ? Josip Broz Tito
75%
Quel empereur d’Occident fut couronné par le pape en l’an 800 et est considéré comme le père de l’Europe médiévale ? Charlemagne
67%
Dictateur irakien exécuté en 2006 ? Saddam Hussein
67%
Quel dictateur paraguayen a gouverné pendant plus de 30 ans au XXe siècle ? Alfredo Stroessner
50%
Quel dirigeant albanais a isolé son pays pendant des décennies ? Ever Hoxha
50%
Quel dirigeant haïtien était surnommé « Papa Doc » ? François Duvalier
50%
Quel roi français s’est converti au catholicisme en déclarant « Paris vaut bien une messe » ? Henri IV
50%
Quel Premier ministre japonais était au pouvoir lors de l’attaque de Pearl Harbor ? Hideki Tojo
50%
Quel président brésilien a dirigé le pays de 2019 à 2022 ? Jair Bolsonaro
50%
Quel empereur centrafricain s’est couronné lui-même en 1977 ? Jean Bedel Bokassa
50%
Fondateur de la Corée du Nord ? Kim Il-sung
50%
Dirigeant français du coup d’État du 18 Brumaire (1799) ? Napoléon Bonaparte
50%
Président sud-africain élu après l’apartheid (1994) ? Nelson Mandela
50%
Quel dictateur roumain a été exécuté en 1989 ? Nicolae Ceausescu
50%
Quel président américain a dirigé les États-Unis pendant la guerre de Sécession ? Abraham Lincoln
0%
Dictateur allemand responsable de la Seconde Guerre mondiale ? Adolf Hitler
0%
Dictateur portugais de 1932 à 1968 ? António de Oliveira Salazar
0%
Chef des Huns au Ve siècle ? Attila
0%
Dictateur chilien de 1973 à 1990 ? Augusto Pinochet
0%
Président syrien depuis 2000 ? Bachar el-Assad
0%
Président français lors de l’indépendance de l’Algérie ? Charles de Gaulle
0%
Quel roi franc est considéré comme le premier roi des Francs unifiés ? Clovis
0%
Quel dirigeant chinois a lancé les grandes réformes économiques à partir de 1978 ? Deng Xiaoping
0%
Quel président syrien a dirigé le pays de 1971 à 2000 ? Hafez el-Assad
0%
Stratège carthaginois qui traversa les Alpes avec ses éléphants ? Hannibal Barca
0%
Tsar russe surnommé « le Terrible » ? Ivan IV
0%
Dictateur soviétique pendant la Seconde Guerre mondiale ? Joseph Staline
0%
Général romain qui franchit le Rubicon ? Jules César
0%
Premier ministre canadien actuel (2025) ? Justin Trudeau
0%
Quel dirigeant nord-coréen a dirigé le pays de 1994 à 2011 ? Kim Jong-il
0%
Roi de France guillotiné en 1793 ? Louis XVI
0%
Dictateur du Zaïre (Congo) de 1965 à 1997 ? Mobutu Sese Seko
0%
Quel dirigeant soviétique a dénoncé les crimes de Staline en 1956 ? Nikita Khrouchtchev
0%
Quel dirigeant du Turkménistan était connu pour son culte de la personnalité extravagant ? Saparmourat Niazov
0%
Quel libérateur a joué un rôle clé dans l’indépendance de plusieurs pays d’Amérique du Sud et a également été président de la république du pérou ? Simon Bolivar
0%
Quel président serbe fut jugé pour crimes de guerre à La Haye ? Slobodan Milosevic
0%
Président français élu en 1974 ? Valéry Giscard d’Estaing
0%
Quel leader palestinien était le président de l’Organisation de libération de la Palestine (OLP) et figure centrale du conflit israélo-palestinien ? Yasser Arafat
0%
Quel Premier ministre israélien a été assassiné en 1995 après avoir signé les accords d’Oslo ? Yitzak Rabin
0%
Aucun quiz correspondant
Distribution des résultats
% des personnes avec chaque résultat
Percentile par nombre de réponses
Votre historique - résultats
Vous n’avez pas pris ce quiz depuis la dernière actualisation